000 01437namaa22003251i 4500
003 EG-GICUC
005 20260219101626.0
008 260219s1998 le h|||jr|||| 000 0cara d
040 _aEG-GiCUC
_bara
_cEG-GiCUC
_dEG-GiCUC
_erda
082 0 4 _221
_a953.00922
_bS1281
092 0 4 _221
_a953.00922
_bS1281
099 _a953.00922 S1281a
100 1 _aالصفدى ،خليل بن ايبك،
_d 1297-1363
_eمؤلف.
245 1 _aأعيان العصر وأعوان النصر /
_cصلاح الدين خليل بن أيبك الصفدى ؛ حققه الدكتور على أبو زيد ...[ وآخرون] ؛ قدم له مازن عبد القادر المبارك
250 _aالطبعة الاولى
264 _aبيروت (لبنان) :
_bدار الفكر المعاصر،
_c1998.
300 _a؛ 6 مجلدات
_bإيضاحيات، مثيليات ؛
_c24 سم
336 _2rdacontent
_atext
337 _2rdamedia
_aUnmediated
338 _2rdacarrier
_avolume
504 _aيشتمل على ارجاعات ببليوجرافية
505 _aالمجلد السادس ( الفهارس العامة)
541 _aد. جابر عصفور ؛
_bالقاهرة ؛
_cإهداء ؛
_d2024.
650 1 7 _aالتاريخ الاسلامى
_vتراجم
_2qrmak
650 1 7 _aالاسلام
_vتراجم
_2qrmak
651 1 _2qrmak
700 1 _aأبو زيد، على
_eمحقق.
905 _aHuda
942 _2ddc
_cBK
_e21
_n0
999 _c178599
_d178599